| 000 | 00651nam a2200241Ia 4500 | ||
|---|---|---|---|
| 005 | 20260116133613.0 | ||
| 008 | 260116s9999 xx 000 0 und d | ||
| 082 | _a004 INT | ||
| 245 | 0 | _aIntroduction to Computing (CD) : lecture 32-38 | |
| 260 |
_aLahore _bVirtual University |
||
| 300 | _aCD # 404 (Vol. No. 6) | ||
| 650 | _aArtificial Intelligence | ||
| 650 | _aCD-ROM | ||
| 650 | _aComputer Science | ||
| 650 | _aCreative Technology | ||
| 650 | _aCybersecurityt | ||
| 650 | _aData Science | ||
| 650 | _aIntroduction to Computing | ||
| 650 | _aLecture Series | ||
| 650 | _aPrograming | ||
| 650 | _aSoftware Engineering | ||
| 942 | _cBK | ||
| 999 |
_c9674 _d9674 |
||